00362nam a2200145Ia 4500008004100000020001500041041000800056082001500064100002100079245002700100250000600127260003500133300001300168650003500181210716s2001 xx 000 0 und d a0201614774 aeng a519.5 TRIM aTriola, Mario F. aElementary statistics. a5 aNew YorkbAddison Wesleyc2001 axxix,855 aStatistical Mathematics(519.5)